000 00717cam a2200193 4500
001 WB3703-14
008 000000n2001 000 0 eng u
035 _a(Sirsi) u110390
245 _aU-turn over housing packs
260 _c2001
490 _aFinancial Times
_v 16 January 2001, 4(1)
520 _aThe Council of Mortgage Lenders has dropped its campaign to stop government plans to introduce the new sellers' information packs. The Council says it will try and get the best deal for its members and intends to co-operate with government.
590 _aWB
650 _aCOUNCIL OF MORTGAGE LENDERS
650 _aSELLERS PACKS
650 _aCONVEYANCING
690 _aHOUSING-OWNER OCCUPIED
942 _n0
999 _c65812
_d65812